International journal of Computer Science & Mathematical Theory (Record no. 44060)

MARC details
000 -LEADER
fixed length control field 00405nam a2200145Ia 4500
022 ## - INTERNATIONAL STANDARD SERIAL NUMBER
ISSN 2695-1924
050 ## - CALL MARK
Classification number QA75.5 .I58/
245 #0 - TITLE STATEMENT
Title International journal of Computer Science & Mathematical Theory
250 ## - EDITION / VOLUME STATEMENT
Edition / Volume statement Vol. 11, No. 5
260 ## - PUBLICATION, DISTRIBUTION, ETC. (IMPRINT)
Year of publication 2025
300 ## - PHYSICAL DESCRIPTION
Number of Pages 110 p. :ill. ; 30 cm.
650 ## - SUBJECT ADDED ENTRY--TOPICAL TERM
Topical Term Computer science--Periodicals Mathematics--Periodicals
942 ## - ADDED ENTRY ELEMENTS (KOHA)
Koha item type Serials
Source of classification Library of Congress Classification

No items available.